<?xml version="1.0" encoding="UTF-8"?>
<record
    xmlns:xsi="http://www.w3.org/2001/XMLSchema-instance"
    xsi:schemaLocation="http://www.loc.gov/MARC21/slim http://www.loc.gov/standards/marcxml/schema/MARC21slim.xsd"
    xmlns="http://www.loc.gov/MARC21/slim">

  <leader>00542nam a22001817a 4500</leader>
  <datafield tag="999" ind1=" " ind2=" ">
    <subfield code="c">37986</subfield>
    <subfield code="d">37986</subfield>
  </datafield>
  <controlfield tag="003">CUTN</controlfield>
  <controlfield tag="005">20220218110217.0</controlfield>
  <controlfield tag="008">220218b           ||||| |||| 00| 0 eng d</controlfield>
  <datafield tag="041" ind1=" " ind2=" ">
    <subfield code="a">English</subfield>
  </datafield>
  <datafield tag="082" ind1=" " ind2=" ">
    <subfield code="a">380</subfield>
  </datafield>
  <datafield tag="100" ind1=" " ind2=" ">
    <subfield code="a">Arjun, TP (M191702)</subfield>
  </datafield>
  <datafield tag="245" ind1=" " ind2=" ">
    <subfield code="a">Financial Literacy and financial well-being of kudumbashree neighbourhood group</subfield>
    <subfield code="b">The case of panagad grama panchayat in Kerala</subfield>
  </datafield>
  <datafield tag="250" ind1=" " ind2=" ">
    <subfield code="a">Thiruvarur</subfield>
  </datafield>
  <datafield tag="260" ind1=" " ind2=" ">
    <subfield code="a">Central University of Tamil Nadu </subfield>
    <subfield code="b">July,2021</subfield>
  </datafield>
  <datafield tag="300" ind1=" " ind2=" ">
    <subfield code="a">158p,</subfield>
  </datafield>
  <datafield tag="690" ind1=" " ind2=" ">
    <subfield code="a">Rameshkumar,S</subfield>
  </datafield>
  <datafield tag="942" ind1=" " ind2=" ">
    <subfield code="2">ddc</subfield>
    <subfield code="c">TDP</subfield>
  </datafield>
  <datafield tag="952" ind1=" " ind2=" ">
    <subfield code="0">0</subfield>
    <subfield code="1">0</subfield>
    <subfield code="2">ddc</subfield>
    <subfield code="4">0</subfield>
    <subfield code="7">1</subfield>
    <subfield code="8">REF</subfield>
    <subfield code="a">CUTN</subfield>
    <subfield code="b">CUTN</subfield>
    <subfield code="c">TDP</subfield>
    <subfield code="d">2022-02-18</subfield>
    <subfield code="l">0</subfield>
    <subfield code="o">380 ARJ</subfield>
    <subfield code="p">M026</subfield>
    <subfield code="r">2022-02-18 00:00:00</subfield>
    <subfield code="w">2022-02-18</subfield>
    <subfield code="y">TDP</subfield>
    <subfield code="z">Dissertation- Commerce</subfield>
  </datafield>
</record>
